01080 2200385 4500001002100000005001500021035002500036008004100061082001100102090002100113110003800134245009600172260004900268300002200317650002300339850001400362980001500376985000600391986000900397999001500406084001900421100003800440990001800478990001800496990001800514990001800532990001800550990001800568990001800586990001800604990001800622990001800640990001800658990001800676YOGYA-0209000004408420180718080314 a0010-020900000044084180718 0 ind  a353.04 a353.04bInd KlL aINDONESIA. Kementerian Penerangan1 aKeterangan dan djawaban pemerintah atas program kabinet Wilopo /cKementerian Penerangan RI aDjakarta :bKementerian Penerangan RI,c1952 a232 hlm. ;c25 cm aKabinet Pemerintah aYOPDYOG B a31-10-2007 a3 aRuni a07A0023820 aL 353.04 IND k aINDONESIA. Kementerian Penerangan a23818-PD/A.07 a23819-PD/A.07 a23820-PD/A.07 a23818-PD/A.07 a23819-PD/A.07 a23820-PD/A.07 a23820-PD/A.07 a23818-PD/A.07 a23819-PD/A.07 a23819-PD/A.07 a23818-PD/A.07 a23820-PD/A.07